000 00848nam a22001577a 4500
003 OSt
005 20151007151221.0
008 151007b xxu||||| |||| 00| 0 eng d
040 _cRUA
082 _aAVM CHH 2006 B077 Or.1
100 _92287
_aCHHOUN KIMCHHOUNG
245 _aStudy on addition of bud of water hyacinth on growth rate on avian broiler at royal university of agriculture, (ការសិក្សាពីការបន្ថែមត្រួយកំប្លោកទៅលើការលូតលាស់របស់មាន់សាច់ពូជសាច់ពូជ AVIAN នៅស្ថានីយ៍ចិញ្ចឹមសត្វ នៃសាកលវិទ្យាល័យភូមិន្ទកសិកម្ម)
260 _aphnom penh
_brua
_c2006
300 _axi, 48p.
_bill.
_c29cm.
942 _2ddc
_cAVM
999 _c2156
_d2156